| Tag |
First Indicator |
Second Indicator |
Subfields |
| LEADER |
00000cam a2200000 a 4500 |
| 001 |
in00002782868 |
| 005 |
20150922150355.0 |
| 008 |
120326s2012 enk b 001 0 eng |
| 010 |
|
|
|a 2012010751
|
| 020 |
|
|
|a 9781849053259 (alk. paper)
|
| 020 |
|
|
|a 1849053251 (alk. paper)
|
| 035 |
|
|
|a (OCoLC)ocn781848482
|
| 040 |
|
|
|a DLC
|c DLC
|d UtOrBLW
|
| 049 |
|
|
|a TXAM
|
| 050 |
0 |
0 |
|a HM1121
|b .H395 2012
|
| 082 |
0 |
0 |
|a 303.6/9
|2 23
|
| 100 |
1 |
|
|a Hawkins, Steven T.
|
| 245 |
1 |
0 |
|a Dramatic problem solving :
|b drama-based group exercises for conflict transformation /
|c Steven T. Hawkins.
|
| 264 |
|
1 |
|a London ;
|a Philadelphia :
|b Jessica Kingsley Publishers,
|c 2012.
|
| 300 |
|
|
|a 136 pages :
|b illustrations ;
|c 22 cm.
|
| 336 |
|
|
|a text
|b txt
|2 rdacontent
|
| 337 |
|
|
|a unmediated
|b n
|2 rdamedia
|
| 338 |
|
|
|a volume
|b nc
|2 rdacarrier
|
| 504 |
|
|
|a Includes bibliographical references (pages 133-134) and index.
|
| 505 |
0 |
|
|a Preface -- Introduction -- Beginnings -- Defining the problem -- Analyzing the issue -- What are the root causes of the problem? -- Creating clarity and consensus -- Who is involved in the problem? -- Creating the dramatic piece -- Play making -- Presentation -- Action planning and follow-up -- Warms-ups -- Closing exercises -- Applications : DPS in La Carpio -- Conclusion -- References -- Index.
|
| 650 |
|
0 |
|a Interpersonal conflict.
|
| 650 |
|
0 |
|a Conflict management.
|
| 650 |
|
0 |
|a Social psychology.
|
| 945 |
|
|
|a PromptCat
|b 108316
|
| 946 |
|
|
|a stk
|
| 947 |
|
|
|a A14836013559
|
| 948 |
|
|
|a cataloged
|b h
|c 2013/1/2
|d c
|e dmitchel
|f 10:50:40 am
|
| 994 |
|
|
|a 92
|b TXA
|
| 999 |
|
|
|a MARS
|
| 999 |
f |
f |
|s 326f99ed-8bc1-36a4-954e-6dea1cffb637
|i 10f84b10-8fd8-3551-8021-a9f64de37c61
|t 0
|
| 952 |
f |
f |
|p normal
|a Texas A&M University
|b College Station
|c Sterling C. Evans Library
|d Evans: Library Stacks
|t 0
|e HM1121 .H395 2012
|h Library of Congress classification
|i unmediated -- volume
|m A14836013559
|
| 998 |
f |
f |
|a HM1121 .H395 2012
|t 0
|l Evans: Library Stacks
|